000 01682nam0a22003611 4500
001 rc\2677781
005 20250623153849.0
035 _a(NLR Aleph) 006806202
090 _a6295278
_c6295277
100 _a20110915d1932 |||y0rusy50 ca
101 0 _arus
102 _aRU
105 _ay z |||||
200 1 _aХозрасчет на железнодорожном транспорте
_fБ. Г. Мойжес, В. К. Лозоцкий, И. И. Абол, Н. Ф. Жданюк, Е. А. Пашкевич, И. М. Никитин, В. Е. Матвеев
210 _aМосква
_aЛенинград
_cГострансиздат
_d1932
_eМосква
_gтип. "Пролет. слово"
215 _aОбл., [86] с., 1 с. объявл.
_d22х15 см.
225 1 _aТруды
_fНКПС-СССР. Науч.-иссл. ин-т экономики транспорта при ЦПТЭУ
_vВып. 5
300 _aПагинация ошибочная: 68 [?] стр.
300 _aПеред загл.: Мойжес Б. Г., Лозоцкий В. К., Абол И. И., Жданюк Н. Ф., Пашкевич Е. А., Никитин И. М., Матвеев В. Е.
320 _aБиблиогр.: "Библиография" (стр. 85-86)
702 1 _aПашкевич
_bЕ.А.
_4570
702 1 _aЖданюк
_bН.Ф.
_4570
702 1 _aМатвеев
_bВ.Е.
_4570
702 1 _aНикитин
_bИ.М.
_4570
702 1 _aМойжес
_bБ.Г.
_4570
702 1 _aАбол
_bИ.И.
_4570
702 1 _aЛозоцкий
_bВ.К.
_4570
801 0 _aRU
_bNLR
_gpsbo
801 1 _aRU
_bELAR
_2rusmarc
852 _aNLR
_j32-15/11-5
942 _cBOOK
980 _aNB